000
00287nam a2200121Ia 4500
005
20251222154439.0
008
251222s9999||||xx |||||||||||||| ||spa||
020
_a
84-206-0145-4
082
_a
868.56/P45A
100
_a
"Perez Galdós, Benito"
245
0
_a
úngel Guerra 2
942
_c
LIB
999
_c
36729
_d
36729